| 000 | 00989nam a2200181Ia 4500 | ||
|---|---|---|---|
| 008 | 151202s9999||||xx |||||||||||||| ||und|| | ||
| 082 | _bPNVM-70375 | ||
| 100 | _a"गाला ध. रा. , गाला धीरेन , गाला संजय." | ||
| 245 | _aआरोग्याची गुरूकिल्ली निसर्गोपचार पद्धती. | ||
| 260 | _b"नवनीत पब्लिकेशन,अहमदाबाद." | ||
| 260 | _c70375 | ||
| 300 | _a141 | ||
| 600 | _a"गाला ध. रा. , गाला धीरेन , गाला संजय." | ||
| 630 | _aआरोग्याची गुरूकिल्ली निसर्गोपचार पद्धती. | ||
| 700 | _a"गाला ध. रा. , गाला धीरेन , गाला संजय." | ||
| 730 | _aआरोग्याची गुरूकिल्ली निसर्गोपचार पद्धती. | ||
| 942 | _cBOOK | ||
| 999 |
_c1336884 _d1336881 |
||